Curso de política constitucional

Bewaard in:
Bibliografische gegevens
Hoofdauteur: Constant, Benjamin (autor)
Formaat: Boek
Taal:Spaans
Gepubliceerd in: Burdeos Imprenta Lawalle Joven 1823
Editie:2a. ed
Onderwerpen:
Tags: Voeg label toe
Geen labels, Wees de eerste die dit record labelt!

MARC

LEADER 00000cam a2200000 a 4500
001 UCD3498
003 CL-VaPUC
008 160609e18230000fr |||||||||||||||||spa|d
082 0 4 |a 342  |b CON  |2 21 
100 |a Constant, Benjamin  |e autor  |9 604951 
245 1 0 |a Curso de política constitucional 
250 |a 2a. ed 
300 |a t 
942 |c BK 
945 |d 20160609 22:21:00  |a dcastane 
260 |a Burdeos  |b Imprenta Lawalle Joven  |c 1823 
650 0 |a Constituciones  |9 255417 
650 0 |a Derechos civiles y políticos   |9 338684 
650 0 |a Soberanía  |9 266726 
583 |a last modification  |c 20160609 22:21:00  |k Rodrigo Vera 
999 |c 364534  |d 364532 
952 |0 0  |1 0  |3 erd  |4 0  |6 342_000000000000000_CON_1823  |7 0  |8 X  |9 477841  |a BIBTEO  |b BIBTEO  |c TEO_FFR  |h t.1  |i 5236347  |o 342 CON 1823  |p 5236347  |r 2024-01-18  |w 2019-11-24  |y BK_X  |z Catalogado en:20160609  |k OFM 
952 |0 0  |1 0  |3 erd  |4 0  |6 342_000000000000000_CON_1823  |7 0  |8 X  |9 477842  |a BIBTEO  |b BIBTEO  |c TEO_FFR  |h t.2  |i 5236355  |o 342 CON 1823  |p 5236355  |r 2024-01-18  |w 2019-11-24  |y BK_X  |z Catalogado en:20160609  |k OFM